| Tag |
First Indicator |
Second Indicator |
Subfields |
| LEADER |
00000cam a22000001 4500 |
| 001 |
in00000081657 |
| 005 |
20151008053026.0 |
| 008 |
740504s1967 nyu b 00000 eng |
| 010 |
|
|
|a 67005822
|
| 035 |
|
|
|a (OCoLC)00969236
|
| 035 |
|
|
|9 AAH5910AM
|
| 040 |
|
|
|a DLC
|c DLC
|d TXA
|d UtOrBLW
|
| 049 |
|
|
|a TXAM
|c [477748]
|
| 050 |
0 |
0 |
|a JX1977
|b .A2 E/4274, etc.
|
| 082 |
0 |
|
|a 332.7/42
|
| 092 |
|
|
|a 332.742
|b U575e
|
| 110 |
2 |
|
|a United Nations.
|b Department of Economic and Social Affairs.
|
| 245 |
1 |
0 |
|a Export credits and development financing.
|
| 264 |
|
1 |
|a New York,
|b [publisher not identified] ;
|c 1967.
|
| 300 |
|
|
|a xvii, 122 pages ;
|c 28 cm.
|
| 336 |
|
|
|a text
|b txt
|2 rdacontent
|
| 337 |
|
|
|a unmediated
|b n
|2 rdamedia
|
| 338 |
|
|
|a volume
|b nc
|2 rdacarrier
|
| 490 |
0 |
|
|a [United Nations. Document] E/4274, ST/ECA/95, E/4274/add. 1, ST/ECA/96
|
| 500 |
|
|
|a "United Nations publication: sales number: 67.II.D.1."
|
| 504 |
|
|
|a Bibliographical footnotes.
|
| 650 |
|
0 |
|a Export credit.
|
| 651 |
|
0 |
|a Developing countries
|x Finance.
|
| 999 |
|
|
|a MARS
|
| 999 |
f |
f |
|s d540ff35-485b-3776-ba76-2d48f2cd8704
|i 4fc5fb6e-f7a0-32fb-a224-2fe0de3604e7
|t 0
|
| 952 |
f |
f |
|p ric
|a Texas A&M University
|b Rellis Campus
|c Joint Library Facility
|d Remote Storage
|t 0
|e JX1977 .A2 E/4274, etc.
|h Library of Congress classification
|i unmediated -- volume
|m A14800738537
|
| 998 |
f |
f |
|a JX1977 .A2 E/4274, etc.
|t 0
|l Remote Storage
|